Una nuova amica /

Guardat en:
Dades bibliogràfiques
Autor principal: Rombi, Philippe (Compositor)
Altres autors: Duris, Romain (Actor), Altmayer, Nicolas (Productor), Ozon, François (Director, Scenarist), Le Besco, Isild (Actor), Personnaz, Raphaël (Actor), Altmayer, Eric (Productor), Clément, Aurore (Actor), Marti, Pascal (Fotògraf), Bolle-Reddat, Jean-Claude (Actor), Demoustier, Anaïs (Actor)
Format: Diapositiva
Idioma:italià
francès
Publicat: [Milano] : Roma : Officine Ubu ; Rai Cinema : 01 Distribution, ©2015
Etiquetes: Afegir etiqueta
Sense etiquetes, Sigues el primer a etiquetar aquest registre!

MARC

LEADER 00000ngm a22000007i 4500
001 IT\ICCU\CAG\2051145
003 ItRI
005 20260124182847.0
008 150917s2015 it |||||||||||||||k|||||c
024 3 1 |a 8032807060545 
028 4 2 |a 05993 
028 4 2 |a 06054  |b Rai Cinema 
040 |b ita 
041 7 |a ita  |a fre  |2 ISO-639-2 
082 |a 791.43  |9 CINEMA  |2 14 
130 4 |a Une nouvelle amie <film ; 2014>  |3 IT\ICCU\RT1\1002933 
245 0 4 |a Una nuova amica /  |c un film di François Ozon ; sceneggiatura e dialoghi: François Ozon ; liberamente tratto dal romanzo di Ruth Rendell ; fotografia: Pascal Marti ; musiche originali: Philippe Rombi ; prodotto da Èric e Nicolas Altmayer ; cast: Romain Duris, Anaïs Demoustier, Raphaël Personnaz ... [et al.]. 
260 |a [Milano] :  |b Officine Ubu ;  |a Roma :  |b Rai Cinema :  |b 01 Distribution,  |c ©2015 
300 |a 1 DVD-video (104 min) :  |b a colori, PAL ;  |c in contenitore, 19 cm 
500 |a Produzione cinematografica: Francia, 2014 
500 |a Caratteristiche tecniche: regione 2; PAL; 16/9, 1.85:1; DVD 9; Dolby digital 5.1; color 
500 |a Titolo del contenitore 
500 |a Altri interpreti: Isild Le Besco, Aurore Clément 
500 |a Lingue: italiano, francese; sottotitoli: italiano 
500 |a Contenuti extra. 
700 1 |a Duris, Romain  |0 IT\ICCU\ANAV\057785  |4 act 
700 1 |a Rendell, Ruth  |0 IT\ICCU\CFIV\016387  |4 ant 
700 1 |a Altmayer, Nicolas  |0 IT\ICCU\LO1V\414889  |4 pro 
700 1 |a Ozon, François  |0 IT\ICCU\MILV\258665  |4 drt 
700 1 |a Ozon, François  |0 IT\ICCU\MILV\258665  |4 sce 
700 1 |a Le Besco, Isild  |0 IT\ICCU\MODV\255142  |4 act 
700 1 |a Personnaz, Raphaël  |0 IT\ICCU\MODV\655317  |4 act 
700 1 |a Altmayer, Eric  |0 IT\ICCU\NAPV\132452  |4 pro 
700 1 |a Clément, Aurore  |0 IT\ICCU\RAVV\096918  |4 act 
700 1 |a Rombi, Philippe  |0 IT\ICCU\RAVV\389784  |4 cmp 
700 1 |a Marti, Pascal  |0 IT\ICCU\RAVV\471976  |4 pht 
700 1 |a Bolle-Reddat, Jean-Claude  |0 IT\ICCU\RT1V\024029  |4 act 
700 1 |a Demoustier, Anaïs  |0 IT\ICCU\UBOV\368865  |4 act 
710 2 |a 01 Distribution  |0 IT\ICCU\DDSV\000014  |4 pbl 
790 1 |a Vine, Barbara  |3 IT\ICCU\CFIV\119973  |z Rendell, Ruth 
942 |2 ddc  |c VM  |n 0 
952 |0 0  |1 0  |4 0  |6 VO_2307_000000000000000  |7 0  |9 27148  |a BO  |b BO  |d 2026-01-24  |i 18672  |l 0  |o VO 2307  |p BO18672  |r 2026-01-24 18:28:47  |w 2026-01-24  |x [Sebina 5] [1 dvd]  |y VM  |z 1 dvd 
999 |c 22981  |d 22981